000 00368nam a2200133Ia 4500
008 220217s9999||||xx |||||||||||||| ||und||
020 _a9780070702424
082 _a627
100 _aChow, Ven Te
245 0 _aApplied hydrology
260 _aMcGraw Hill Education (India) Private Limited
_bNew Delhi
_c2015
300 _aXIII, 572p.
_b1020
650 _ahydrology
999 _c188985
_d188985